00550nam a2200169 a 450000100100000000500170001000800410002702000150006804000250008310000180010824501020012626000480022830000360027650000210031250400260033370000210035900004302120201002040559.0140217s2003 xxuac 001 0 spa d a1841767352 aDO-SdBNPbspacBNPHU1 aStyling, Mark14aThe blue devils. :bUs navy & marine corps aces of world war II /cMark Styling, Barrett Tillman. aEstados Unidos :bOsprey publishing,c2003. a288 p. :bil., retrs. ;c27 cm. aIncluye índice aBibliografía p: 28112aTillman, Barrett